000 00304nam a22001337a 4500
003 SGT
082 _aSON 530
100 _aSONI,VIDWAN SINGH
245 _aMECHANICS AND RELATIVITY
260 _aNEW DELHI
_bPHI
_c2013
300 _a338
650 _aPHYSICS, MECHANICS AND RELATIVITY
942 _2ddc
_cFPS
999 _c10102
_d10102